Training your staff : a manager's pocket guide

Bibliographic Details
Main Author: Bambrough, Jacquie (Author)
Format: Book
Language:English
Published: Petaling Jaya : Pelanduk Publications 1994
Subjects:

MARC

LEADER 00000cam a2200000 7i4500
001 0000003323
005 20240926.0
008 991203 my a eng
020 |a 9679784800 
040 |a INS   |b eng   |e rda 
090 0 0 |a HF5549.5.T7   |b B1995 1994 
100 1 |a Bambrough, Jacquie ,   |e author 
245 1 0 |a Training your staff :   |b a manager's pocket guide   |c Jacquie Bambrough 
264 1 |a Petaling Jaya :   |b Pelanduk Publications   |c 1994 
300 |a 78 pages :   |b illustrations ;   |c 22 cm. 
336 |a text  |2 rdacontent 
337 |a unmediated  |2 rdamedia 
338 |a volume  |2 rdacarrier 
650 0 |a Employees   |x Training of 
650 0 |a Training 
999 |a 0000005461   |b BOOK   |c Open Shelf   |e Default branch